Statistics for The Euroleague 2001–10 All Decade Team

Click here to take the quiz!

General Stats

  • This quiz has been taken 576 times
  • The average score is 5 of 10

Answer Stats

HintAnswer% Correct
GREDimitris Diamantidis
86%
ESPJuan Carlos Navarro
70%
LTHŠarūnas Jasikevičius
61%
GRETheodoros Papaloukas
56%
SRBDejan Bodiroga
50%
LTHRamūnas Šiškauskas
35%
RUSJR Holden
33%
USAAnthony Parker
29%
USATrajan Langdon
19%
CRONikola Vujčić
18%

Score Distribution

Percentile by Number Answered

Percent of People with Each Score

Your Score History

You have not taken this quiz